{"text_format":"3","workbook":"xlsx","n_sheets":1,"sheets":["Sheet 1"],"read":"whole","date_system":"1900"}

{"sheet":"Sheet 1","index":0,"n_rows":78,"n_cols":12,"rows_kept":78}
["№","Предмет","Код ОО","Пол","Участник с ОВЗ (да/нет)","Класс обучения","Класс участия","Балл","Максимальный балл","Статус","Призёр муниципального этапа прошлого года","ФИО учителя"]
[455126,"Биология",260028,"М","нет",5,5,9.4,25,"участник","нет","Агишева Альбина Альбертовна"]
[455160,"Биология",260028,"М","нет",5,5,10.4,25,"участник","нет","Агишева Альбина Альбертовна"]
[455205,"Биология",260028,"Ж","нет",5,5,7.6,25,"участник","нет","Агишева Альбина Альбертовна"]
[455217,"Биология",260028,"М","нет",5,5,9.4,25,"участник","нет","Агишева Альбина Альбертовна"]
[455234,"Биология",260028,"М","нет",5,5,11.2,25,"участник","нет","Агишева Альбина Альбертовна"]
[455240,"Биология",260028,"М","нет",5,5,6,25,"участник","нет","Агишева Альбина Альбертовна"]
[455246,"Биология",260028,"М","нет",5,5,12,25,"призёр","нет","Агишева Альбина Альбертовна"]
[455280,"Биология",260028,"М","нет",5,5,9.8,25,"участник","нет","Агишева Альбина Альбертовна"]
[455328,"Биология",260028,"Ж","нет",5,5,5.4,25,"участник","нет","Агишева Альбина Альбертовна"]
[455334,"Биология",260028,"М","нет",5,5,3.2,25,"участник","нет","Агишева Альбина Альбертовна"]
[455377,"Биология",260028,"Ж","нет",7,7,117.4,30,"участник","нет","Ялалова Рита Адельшиновна"]
[455381,"Биология",260028,"Ж","нет",7,7,16.8,30,"участник","нет","Ялалова Рита Адельшиновна"]
[455430,"Биология",260028,"Ж","нет",7,7,17.6,30,"призёр","нет","Ялалова Рита Адельшиновна"]
[455937,"Биология",260028,"Ж","нет",7,7,11.4,30,"участник","нет","Ялалова Рита Адельшиновна"]
[455979,"Биология",260028,"Ж","нет",7,7,11.8,30,"участник","нет","Ялалова Рита Адельшиновна"]
[455986,"Биология",260028,"М","нет",7,7,2.2,30,"участник","нет","Ялалова Рита Адельшиновна"]
[456044,"Биология",260028,"М","нет",8,8,10,33,"участник","нет","Ялалова Рита Адельшиновна"]
[456048,"Биология",260028,"Ж","нет",8,8,15.2,33,"призёр","нет","Ялалова Рита Адельшиновна"]
[457959,"Биология",260028,"М","нет",8,8,9.9,33,"участник","нет","Ялалова Рита Адельшиновна"]
[457960,"Биология",260028,"М","нет",8,8,14.2,33,"участник","нет","Ялалова Рита Адельшиновна"]
[457973,"Биология",260028,"М","нет",8,8,5,33,"участник","нет","Ялалова Рита Адельшиновна"]
[458018,"Биология",260028,"Ж","нет",8,8,13.8,33,"участник","нет","Ялалова Рита Адельшиновна"]
[458046,"Биология",260028,"Ж","нет",8,8,12.6,33,"участник","нет","Ялалова Рита Адельшиновна"]
[458207,"Биология",260028,"М","нет",8,8,15,33,"участник","нет","Ялалова Рита Адельшиновна"]
[458240,"Биология",260028,"М","нет",8,8,15.8,33,"призёр","нет","Ялалова Рита Адельшиновна"]
[458244,"Биология",260028,"Ж","нет",8,8,14.2,33,"участник","нет","Ялалова Рита Адельшиновна"]
[458248,"Биология",260028,"М","нет",8,8,10.2,33,"участник","нет","Ялалова Рита Адельшиновна"]
[458265,"Биология",260028,"М","нет",8,8,10.7,33,"участник","нет","Ялалова Рита Адельшиновна"]
[458357,"Биология",260028,"Ж","нет",8,8,11.8,33,"участник","нет","Ялалова Рита Адельшиновна"]
[458469,"Биология",260028,"Ж","нет",8,8,14.7,33,"участник","нет","Ялалова Рита Адельшиновна"]
[458606,"Биология",260028,"Ж","нет",8,8,12.1,33,"участник","нет","Ялалова Рита Адельшиновна"]
[458608,"Биология",260028,"М","нет",8,8,14.7,33,"участник","нет","Ялалова Рита Адельшиновна"]
[458609,"Биология",260028,"Ж","нет",8,8,14.4,33,"участник","нет","Ялалова Рита Адельшиновна"]
[458620,"Биология",260028,"Ж","нет",8,8,10.7,33,"участник","нет","Ялалова Рита Адельшиновна"]
[458733,"Биология",260028,"Ж","нет",9,9,22.8,57,"участник","нет","Ялалова Рита Адельшиновна"]
[458763,"Биология",260028,"Ж","нет",9,9,26.9,57,"призёр","нет","Ялалова Рита Адельшиновна"]
[458767,"Биология",260028,"Ж","нет",9,9,18.8,57,"участник","нет","Ялалова Рита Адельшиновна"]
[459034,"Биология",260028,"М","нет",9,9,13.1,57,"участник","нет","Ялалова Рита Адельшиновна"]
[459054,"Биология",260028,"Ж","нет",9,9,17.9,57,"участник","нет","Ялалова Рита Адельшиновна"]
[459099,"Биология",260028,"Ж","нет",9,9,19,57,"участник","нет","Ялалова Рита Адельшиновна"]
[459132,"Биология",260028,"Ж","нет",9,9,21.5,57,"участник","нет","Ялалова Рита Адельшиновна"]
[459181,"Биология",260028,"М","нет",9,9,23.8,57,"участник","нет","Ялалова Рита Адельшинова"]
[459195,"Биология",260028,"М","нет",9,9,22.9,57,"участник","нет","Ялалова Рита Адельшиновна"]
[459546,"Биология",260028,"М","нет",9,9,17,57,"участник","нет","Ялалова Рита Адельшиновна"]
[461029,"Биология",260028,"М","нет",10,10,30.2,64,"участник","нет","Ялалова Рита Адельшиновна"]
[461048,"Биология",260028,"Ж","нет",10,10,37.2,64,"призёр","нет","Ялалова Рита Адельшиновна"]
[461052,"Биология",260028,"М","нет",10,10,33.2,64,"участник","нет","Ялалова Рита Адельшиновна"]
[461093,"Биология",260028,"Ж","нет",10,10,33,64,"участник","нет","Ялалова Рита Адельшиновна"]
[461105,"Биология",260028,"Ж","нет",10,10,26.8,64,"участник","нет","Ялалова Рита Адельшиновна"]
[461137,"Биология",260028,"Ж","нет",10,10,26.6,64,"участник","нет","Ялалова Рита Адельшиновна"]
[461154,"Биология",260028,"Ж","нет",10,10,22.1,64,"участник","нет","Ялалова Рита Адельшиновна"]
[461157,"Биология",260028,"Ж","нет",10,10,25.8,64,"участник","нет","Ялалова Рита Адельшиновна"]
[461203,"Биология",260028,"М","нет",10,10,28.2,64,"участник","нет","Ялалова Рита Адельшиновна"]
[461209,"Биология",260028,"М","нет",11,11,36.5,71,"призёр","нет","Малова Наталья Александровна"]
[461326,"Биология",260028,"М","нет",11,11,20.4,71,"участник","нет","Малова Наталья Александровна"]
[461335,"Биология",260028,"М","нет",11,11,24.6,71,"участник","нет","Малова Наталья Александровна"]
[461351,"Биология",260028,"М","нет",11,11,18.5,71,"участник","нет","Малова Наталья Александровна"]
[461536,"Биология",260028,"Ж","нет",11,11,26.2,71,"участник","нет","Малова Наталья Александровна"]
[461953,"Биология",260028,"Ж","нет",6,6,23.4,25,"победитель","нет","Малова Наталья Александровна"]
[462071,"Биология",260028,"Ж","нет",6,6,21.8,25,"призёр","нет","Малова Наталья Александровна"]
[462086,"Биология",260028,"Ж","нет",6,6,17.4,25,"участник","нет","Малова Наталья Александровна"]
[462096,"Биология",260028,"Ж","нет",6,6,15.2,25,"участник","нет","Малова Наталья Александровна"]
[462101,"Биология",260028,"Ж","нет",6,6,14.8,25,"участник","нет","Малова Наталья Александровна"]
[462153,"Биология",260028,"Ж","нет",6,6,13.6,25,"участник","нет","Малова Наталья Александровна"]
[462156,"Биология",260028,"Ж","нет",6,6,13.6,25,"участник","нет","Малова Наталья Александровна"]
[462203,"Биология",260028,"М","нет",6,6,13.4,25,"участник","нет","Малова Наталья Александровна"]
[462245,"Биология",260028,"М","нет",6,6,12.4,25,"участник","нет","Малова Наталья Александровна"]
[462340,"Биология",260028,"Ж","нет",6,6,12.2,25,"участник","нет","Малова Наталья Александровна"]
[462355,"Биология",260028,"Ж","нет",6,6,11.8,25,"участник","нет","Малова Наталья Александровна"]
[462356,"Биология",260028,"М","нет",6,6,11.6,25,"участник","нет","Малова Наталья Александровна"]
[462504,"Биология",260028,"М","нет",6,6,10.8,25,"участник","нет","Малова Наталья Александровна"]
[462506,"Биология",260028,"М","нет",6,6,10.2,25,"участник","нет","Малова Наталья Александровна"]
[462600,"Биология",260028,"Ж","нет",6,6,9,25,"участник","нет","Малова Наталья Александровна"]
[462620,"Биология",260028,"Ж","нет",6,6,8.8,25,"участник","нет","Малова Наталья Александровна"]
[462639,"Биология",260028,"Ж","нет",6,6,8.8,25,"участник","нет","Малова Наталья Александровна"]
[462642,"Биология",260028,"Ж","нет",6,6,8.2,25,"участник","нет","Малова Наталья Александровна"]
[462698,"Биология",260028,"Ж","нет",6,6,6.6,25,"участник","нет","Малова Наталья Александровна"]